000 00344nam a22001457a 4500
020 _a978-0-08-101907-8
041 _aENG
100 _aFellows .P.J
245 _aFood Processing Technology Principles and Practice
250 _aFourth Edition
260 _aUk
_bWoodhead PUB
_c2017
300 _a1128
650 _aAPE
856 _uAPE ( 03 )
999 _c190
_d190